Statistics for Countries with Most As - Zs

Click here to take the quiz!

General Stats

  • This quiz has been taken 82 times
  • The average score is 20 of 26

Answer Stats

Letter#Country% Correct
H1Afghanistan | Bahamas | Bahrain | Bangladesh | Bhutan | Bosnia and Herzegovina | Chad | Chile | China | Czech Republic | Democratic Republic of the Congo | Ethiopia | Ghana | Haiti | Honduras | Hungary | Kazakhstan | Lesotho | Liechtenstein | Lithuania | North Macedonia | Marshall Islands | Netherlands | North Korea | Philippines | Republic of the Congo | Saint Vincent and the Grenadines | Seychelles | South Africa | South Korea | South Sudan | Thailand
100%
Z1Azerbaijan | Belize | Bosnia and Herzegovina | Brazil | Czech Republic | Kazakhstan | Kyrgyzstan | Mozambique | New Zealand | Switzerland | Tanzania | Uzbekistan | Venezuela | Zambia | Zimbabwe
99%
J1Azerbaijan | Djibouti | Fiji | Jamaica | Japan | Jordan | Tajikistan
96%
V1Bolivia | Bosnia and Herzegovina | Cape Verde | Ivory Coast | El Salvador | Kosovo | Latvia | Maldives | Moldova | Saint Kitts and Nevis | Saint Vincent and the Grenadines | Slovakia | Slovenia | Tuvalu | Vanuatu | Vatican City | Venezuela | Vietnam
96%
Q1Equatorial Guinea | Iraq | Mozambique | Qatar
94%
W1Botswana | Kuwait | Malawi | New Zealand | Norway | Papua New Guinea | Rwanda | Eswatini | Sweden | Switzerland | Taiwan | Zimbabwe
93%
I3Dominican Republic | Kiribati | Philippines | Saint Kitts and Nevis | Saint Vincent and the Grenadines
91%
B2Antigua and Barbuda | Barbados | Zimbabwe
90%
T3Federated States of Micronesia | Saint Kitts and Nevis | Saint Vincent and the Grenadines | United States
90%
S3Federated States of Micronesia | Marshall Islands | Saint Kitts and Nevis | Solomon Islands
89%
X1Luxembourg | Mexico
84%
C4Democratic Republic of the Congo
79%
O4Democratic Republic of the Congo
79%
K2Kazakhstan
79%
E5Federated States of Micronesia
77%
F2Federated States of Micronesia
77%
A5Antigua and Barbuda
71%
N6Saint Vincent and the Grenadines
69%
P3Philippines
67%
Y2Kyrgyzstan
66%
L3Marshall Islands
63%
U3Uruguay
63%
R3Central African Republic
61%
D3Trinidad and Tobago
57%
M2Myanmar | Mozambique
54%
G2Georgia
46%

Score Distribution

Percentile by Number Answered

Percent of People with Each Score

Your Score History

You have not taken this quiz